000 00311nam a22001337a 4500
003 SGT
020 _a9780253221186
082 _a341.23
_bJOL
100 _aJOLLY RICHARD
245 _aUN IDEAS THAT CHANGED THE WORLD
260 _aBLOOMINGTON
_bINDIANA UNIVERSITY PRESS
_c2009
300 _a310
942 _2ddc
_cBK
999 _c33275
_d33275